[Event "SVK-ch U10"]
[Site "Stara Lubovna"]
[Date "2014.04.11"]
[Round "8"]
[White "Mudroch, Simon"]
[Black "Rybovic, Nikolas"]
[Result "0-1"]
[WhiteElo "1000"]
[BlackElo "1077"]
[PlyCount "32"]
[EventDate "2014.04.05"]
[EventType "swiss"]
[EventRounds "9"]
[EventCountry "SVK"]
[SourceTitle "EXT 2016"]
[Source "ChessBase"]
[SourceDate "2015.10.08"]
[SourceVersion "1"]
[SourceVersionDate "2015.10.08"]
[SourceQuality "1"]

1. e4 e5 2. Nf3 Nc6 3. Bc4 Bc5 4. 0-0 Nf6 5. Nc3 d6 6. d3 Be6 7. b3 0-0 8. Re1 Ng4 9. h3 Bxf2+ 10. Kf1 Ne3+ 11. Kxf2 Nxd1+ 12. Rxd1 Bxc4 13. dxc4 f5 14. c5 fxe4 15. Bg5 Qxg5 16. Nxe4 Qd8 0-1

[Event "SVK-ch U10"]
[Site "Stara Lubovna"]
[Date "2014.04.09"]
[Round "6"]
[White "Tabak, Adam"]
[Black "Mudroch, Simon"]
[Result "1-0"]
[WhiteElo "1000"]
[BlackElo "1000"]
[PlyCount "73"]
[EventDate "2014.04.05"]
[EventType "swiss"]
[EventRounds "9"]
[EventCountry "SVK"]
[SourceTitle "EXT 2016"]
[Source "ChessBase"]
[SourceDate "2015.10.08"]
[SourceVersion "1"]
[SourceVersionDate "2015.10.08"]
[SourceQuality "1"]

1. e4 e5 2. Nc3 c6 3. Bc4 d5 4. exd5 cxd5 5. Bxd5 Nf6 6. Bc4 a6 7. a4 Bd7 8. d3 b5 9. axb5 axb5 10. Rxa8 bxc4 11. dxc4 Bc6 12. Qxd8+ Kxd8 13. Rxb8+ Kc7 14. Rb4 Bxb4 15. Nge2 Bxg2 16. Rg1 Bh3 17. Rxg7 Rf8 18. Bd2 Kd7 19. f4 Ke6 20. c5 Bxc5 21. Nb5 Rc8 22. b4 Bb6 23. Kd1 Bd8 24. c3 Be7 25. Na7 Rc4 26. b5 Ra4 27. b6 Bd6 28. Nc1 Bg4+ 29. Ke1 Bf5 30. Rg3 exf4 31. Rf3 Ke7 32. Ne2 Nd5 33. Nb5 Kf6 34. Nxd6 Bg6 35. Nxf4 Nxf4 36. Rxf4+ Rxf4 37. Bxf4 1-0

[Event "SVK-ch U10"]
[Site "Stara Lubovna"]
[Date "2014.04.07"]
[Round "3"]
[White "Nemergut, Peter"]
[Black "Mudroch, Simon"]
[Result "1-0"]
[WhiteElo "1000"]
[BlackElo "1000"]
[PlyCount "34"]
[EventDate "2014.04.05"]
[EventType "swiss"]
[EventRounds "9"]
[EventCountry "SVK"]
[SourceTitle "EXT 2016"]
[Source "ChessBase"]
[SourceDate "2015.10.08"]
[SourceVersion "1"]
[SourceVersionDate "2015.10.08"]
[SourceQuality "1"]

1. f4 e6 2. Nf3 Bd6 3. e3 e5 4. fxe5 Bxe5 5. Nxe5 d6 6. Bb5+ c6 7. Bc4 dxe5 8. 0-0 b5 9. Qh5 g6 10. Qxe5+ Be6 11. Qxh8 Ke7 12. Bxe6 fxe6 13. Qxh7+ Kd6 14. Nc3 b4 15. Ne4+ Ke5 16. Qxg6 Ne7 17. Qf6+ Kd5 1-0